000 nam a22 4500
999 _c8884
_d8884
008 180317b ||||| |||| 00| 0 eng d
100 _926874
_aMedenilla, Samuel P.
245 _a3 out of 4 Filipinos prefer to work in locality- study/
_cSamuel P. Medenilla
260 _aPhilippines
_bManila Bulletin
_cc2016
300 _apage 17.
650 0 _926875
_aEmployment.
942 _2ddc
_cPER